Come to the party; (Record no. 7396)

MARC details
000 -LEADER
fixed length control field 00904cam a2200241 4500
001 - CONTROL NUMBER
control field 2661236
003 - CONTROL NUMBER IDENTIFIER
control field AUA.1
005 - DATE AND TIME OF LATEST TRANSACTION
control field 20120906124942.0
008 - FIXED-LENGTH DATA ELEMENTS--GENERAL INFORMATION
fixed length control field 730102s1972 txu b 000 0 eng
010 ## - LIBRARY OF CONGRESS CONTROL NUMBER
LC control number 72084167
040 ## - CATALOGING SOURCE
Original cataloging agency DLC
Transcribing agency DLC
Modifying agency DLC
050 00 - LIBRARY OF CONGRESS CALL NUMBER
Classification number BV 4501.2
Item number .O48 1972
082 00 - DEWEY DECIMAL CLASSIFICATION NUMBER
Classification number 248/.4
100 1# - MAIN ENTRY--PERSONAL NAME
Personal name Olsson, Karl A.
9 (RLIN) 25391
245 10 - TITLE STATEMENT
Title Come to the party;
Remainder of title an invitation to a freer life style
Statement of responsibility, etc [by] Karl A. Olsson.
260 ## - PUBLICATION, DISTRIBUTION, ETC. (IMPRINT)
Place of publication, distribution, etc Waco, Tex.,
Name of publisher, distributor, etc Word Books
Date of publication, distribution, etc [1972]
300 ## - PHYSICAL DESCRIPTION
Extent 178 p.
Dimensions 23 cm.
504 ## - BIBLIOGRAPHY, ETC. NOTE
Bibliography, etc Includes bibliographical references.
650 #0 - SUBJECT ADDED ENTRY--TOPICAL TERM
Topical term or geographic name as entry element Christian life.
9 (RLIN) 25392
906 ## - LOCAL DATA ELEMENT F, LDF (RLIN)
a 7
b cbc
c orignew
d u
e opcn
f 19
g y-gencatlg
942 ## - ADDED ENTRY ELEMENTS (KOHA)
Source of classification or shelving scheme Library of Congress Classification
Koha item type Books
Classification part BV 4501.2
Item part .O48 1972
Holdings
Withdrawn status Lost status Source of classification or shelving scheme Damaged status Not for loan Collection code Home library Current library Shelving location Date acquired Source of acquisition Cost, normal purchase price Serial Enumeration / chronology Full call number Barcode Date last seen Cost, replacement price Price effective from Koha item type
    Library of Congress Classification     Books Judith Thomas Library Judith Thomas Library General Stacks 06/09/2012 Donation, EGW Estate 10.00 AUA010085 BV 4501.2 .O48 1972 AUA010085 06/09/2012 10.00 06/09/2012 Books